000 01575nam a2200409 i 4500
001 197478
003 ES-MaACL
005 20250805062636.0
007 ta
008 220829s1985||||sp a###fr 000 0 spa d
020 _a8473160525
035 _a(OCoLC)1342556642
035 _a264053532
040 _aABES
_bfre
_eAFNOR
_cES-MaACL
041 0 _2639-2
082 0 _a946.4/307
100 1 _0(IdRef)028891228
_1http://www.idref.fr/028891228/id
_aBravo Morata, Federico
_eaut
_931495
245 1 0 _aHistoria de Madrid.
_nVolumen 11 extra,
_pLa batalla de Madrid, la Guerra de España, II /
_cFederico Bravo Morata.
246 1 3 _aLa batalla de Madrid, la Guerra de España, II
250 _a5a edición.
264 1 _aMadrid :
_b[Fenicia],
_c1985.
300 _a316 páginas :
_bill., couv. ill. en coul. ;
_c21 cm.
336 _btxt
_2rdacontent
_atexto
337 _bn
_2rdamedia
_asin mediación
337 _bn
_2isbdmedia
_asin mediación
338 _bnga
_2RDAfrCarrier
_avolumen
490 1 _aHistoria de Madrid ;
_v11
651 4 _aEspaña-
_y1936-1939, Guerra civil
_98292
_xHistoria-
651 4 _aEspaña-
_y1931-1939, II República
_98283
_xHistoria-
830 0 _aHistoria de Madrid
_v11
_9240827
852 _aES-MaACL
_cDEPO1
_jA-15571
_hDonación: Fernando Codina Rodríguez
_xEncuadernación rústica
_9205918
903 _aCodina Rodríguez, Fernando
_ednr
_9238631
942 _n0
_cMONOGRAFIA
999 _c197478
_d197478